Lectura correctiva y remedial
Sparad:
| Huvudupphovsman: | |
|---|---|
| Materialtyp: | Bok |
| Språk: | spanska |
| Publicerad: |
Santiago
Andrés Bello
2004
|
| Upplaga: | 5a. ed |
| Ämnen: | |
| Taggar: |
Lägg till en tagg
Inga taggar, Lägg till första taggen!
|
MARC
| LEADER | 00000cam a2200000 a 4500 | ||
|---|---|---|---|
| 001 | UCL9823 | ||
| 003 | CL-VaPUC | ||
| 008 | 040827e20040000CL |||||||||||||||||spa|d | ||
| 020 | |a 9561314223 | ||
| 082 | 0 | 4 | |a 371.9144 |b CON |2 21 |
| 100 | 0 | |a Condemarín Grimberg, Mabel |e author |9 487723 | |
| 245 | 1 | 0 | |a Lectura correctiva y remedial |
| 250 | |a 5a. ed | ||
| 300 | |a 270 p | ||
| 942 | |c BK | ||
| 945 | |d 20040827 00:00:00 |a cmena | ||
| 260 | |a Santiago |b Andrés Bello |c 2004 | ||
| 650 | 0 | |a Enseñanza de la lectura |9 308364 | |
| 650 | 0 | |a Psicolingüística |9 283371 | |
| 650 | 7 | |a LECTURA ORAL |2 CL-VaPUC |9 308126 | |
| 650 | 0 | |a Métodos de enseñanza |9 270413 | |
| 583 | |a last modification |c 20180828 02:57:15 |k Rodrigo Vera | ||
| 999 | |c 310466 |d 310464 | ||
| 952 | |0 0 |1 0 |4 0 |6 371_914400000000000_CON_2004 |7 0 |8 A |9 378934 |a FDOPOS |b FDOPOS |d 2019-11-21 |i 4051793 |o 371.9144 CON 2004 |p 4051793 |r 2025-01-22 |w 2019-11-21 |y BK |k MLA | ||